Statystyki dla Stolice województw Polski

Kliknij tutaj aby rozwiązać quiz!

Ogólne statystyki

  • Ten quiz został rozwiązany 26 razy
  • Średni wynik to 13 z 16

Statystyki odpowiedzi

HintOdpowiedź% Poprawnych
PomorskieGdańsk666666
95%
MałopolskieKraków111111
95%
ŁódzkieŁódz121212121212
95%
OpolskieOpole222222
95%
PodkarpackieRzeszów101010101010
95%
MazowieckieWarszawa777777
95%
PodlaskieBiałystok888888
89%
ŚląskieKatowice151515151515
89%
ŚwiętokrzyskieKielce111111111111
89%
ZachodniopomorskieSzczecin555555
89%
DolnośląskieWrocław333333
89%
WielkopolskiePoznań444444
84%
LubelskieLublin161616161616
79%
Warmińsko-MazurskieOlsztyn999999
79%
Kujawsko-PomorskieBydgoszcz Toruń131313131313
37%
LubuskieGorzów Wielkopolski Zielona Góra141414141414
32%

Rozkład punktacji

Percentyl według liczby udzielonych odpowiedzi

Procent ludzi z każdym wynikiem

Twoja historia wyników

Nie rozwiązałeś tego quizu